000 00688nam a2200217Ia 4500
008 191130s2002##################000#0#eng##
020 _a748613226
022 _a2002437228
040 _aACL
_cACL
082 _a330.938 SCH
245 _aThe ancient economy
_cedited by Walter Scheidel and Sitta von Reden
260 _aEdinburgh
_bEdinburgh Univeristy Press
_c2002
300 _axxi, 282 p.: ill., maps ; 24 cm
500 _aIncludes bibliographical references (p. 272-278) and and index
650 _aEconomic history - To 500
700 _aScheidel, Walter
700 _aVon Reden, Sitta
990 _a45e37b9aac10000c7b237404c8681fcd
991 _a52111
999 _c300958
_d300958